[Event "Sunway Sitges Open 2019"]
[Site "Sitges ESP"]
[Date "2019.12.18"]
[Round "6.36"]
[White "Maghsoodloo, Parham"]
[Black "Manu, David Suthandram R"]
[Result "1-0"]
[WhiteTitle "GM"]
[BlackTitle "FM"]
[WhiteElo "2690"]
[BlackElo "2369"]
[WhiteFideId "12539929"]
[BlackFideId "35019562"]
[EventDate "2019.12.13"]

1. e4 c5 2. Nf3 Nc6 3. Bb5 e5 4. O-O Bd6 5. c3 Nge7 6. d4 cxd4 7. cxd4 exd4 8.
Nxd4 Qc7 9. h3 Nxd4 10. Qxd4 O-O 11. Nc3 a6 12. Ba4 Bc5 13. Qd3 d6 14. Bg5 Be6
15. Bb3 Ng6 16. Nd5 Qd7 17. Kh1 Kh8 18. Rad1 f5 19. exf5 Rxf5 20. f4 Raf8 21.
Qe4 Qf7 22. Rfe1 h6 23. Qxe6 hxg5 24. Nc7 Qf6 25. Bc2 gxf4 26. Bxf5 Qxf5 27. Rd5
Qxe6 28. Nxe6 Re8 29. Re2 Be3 30. Rxd6 Kh7 31. Rc2 Nh4 32. Ng5+ Kg8 33. Rd5 g6
34. Nf3 Nf5 35. Kh2 Re7 36. h4 Bb6 37. Kh3 Kg7 38. Re5 Rd7 39. Re6 Bc7 40. Rd2
Rxd2 41. Nxd2 Kf7 42. Re4 Ne3 43. Nc4 Nd1 44. Re2 b5 45. Rd2 1-0

[Event "Sunway Sitges Open 2019"]
[Site "Sitges ESP"]
[Date "2019.12.18"]
[Round "6.48"]
[White "Ingebretsen, Jens E"]
[Black "Kulaots, Kaido"]
[Result "0-1"]
[WhiteTitle "FM"]
[BlackTitle "GM"]
[WhiteElo "2255"]
[BlackElo "2538"]
[WhiteFideId "1522965"]
[BlackFideId "4500261"]
[EventDate "2019.12.13"]

1. c4 b6 2. d4 Bb7 3. Nc3 e6 4. a3 Nf6 5. d5 Bd6 6. Nf3 O-O 7. Bg5 h6 8. Bh4 Na6
9. e3 Be7 10. Be2 Nc5 11. O-O Nxd5 12. cxd5 Bxh4 13. Nxh4 Qxh4 14. b4 Ne4 15.
Nxe4 Qxe4 16. Bf3 Qe5 17. dxe6 Bxf3 18. exf7+ Rxf7 19. gxf3 a5 20. f4 Qe4 21.
Qb1 Qe6 22. Rc1 d5 23. Qd3 Qg4+ 24. Kf1 Qf3 25. Qd1 Qe4 26. b5 Re8 27. Qh5 d4
28. Re1 Rf5 29. Qh3 Rxb5 30. Qg2 Qxg2+ 31. Kxg2 d3 32. e4 c5 33. Kf3 c4 34. Red1
Rb2 35. Rac1 b5 36. a4 d2 37. Rc3 Rb3 38. Rxb3 cxb3 39. Ke3 b2 40. Kd3 bxa4 0-1

[Event "Sunway Sitges Open 2019"]
[Site "Sitges ESP"]
[Date "2019.12.19"]
[Round "7.1"]
[White "Ivanchuk, Vassily"]
[Black "Korobov, Anton"]
[Result "1/2-1/2"]
[WhiteTitle "GM"]
[BlackTitle "GM"]
[WhiteElo "2690"]
[BlackElo "2668"]
[WhiteFideId "14100010"]
[BlackFideId "14105730"]
[EventDate "2019.12.13"]

1. c4 e6 2. Nf3 d5 3. d4 Nf6 4. g3 Bb4+ 5. Bd2 Be7 6. Bg2 c6 7. O-O Nbd7 8. Bc3
dxc4 9. a4 b6 10. Nfd2 Nd5 11. Nxc4 Ba6 12. b3 Nxc3 13. Nxc3 Rc8 14. Qc2 O-O 15.
Rfd1 Qc7 16. e3 Rfd8 17. Rac1 b5 18. Nb2 b4 19. Ne4 c5 20. Qb1 Qb6 21. Nc4 Bxc4
22. Rxc4 cxd4 23. Rcxd4 Nf6 24. Rxd8+ Rxd8 25. Nxf6+ Bxf6 26. Rxd8+ Qxd8 27. Be4
g6 28. Qd3 Qxd3 29. Bxd3 a5 30. Kf1 Kf8 1/2-1/2

[Event "Sunway Sitges Open 2019"]
[Site "Sitges ESP"]
[Date "2019.12.19"]
[Round "7.2"]
[White "Kovalenko, Igor"]
[Black "Santos Latasa, Jaime"]
[Result "1/2-1/2"]
[WhiteTitle "GM"]
[BlackTitle "GM"]
[WhiteElo "2647"]
[BlackElo "2585"]
[WhiteFideId "14117908"]
[BlackFideId "2293307"]
[EventDate "2019.12.13"]

1. d4 Nf6 2. Nf3 d5 3. c4 e6 4. Bg5 dxc4 5. Qa4+ Nbd7 6. Qxc4 Be7 7. Nbd2 O-O 8.
Rc1 c5 9. dxc5 Nxc5 10. Bxf6 gxf6 11. b4 Na4 12. e3 Bd7 13. Be2 Kh8 14. O-O Rc8
15. Qb3 b5 16. Ne4 Qb6 17. Nd4 a6 18. a3 e5 19. Nf3 Be6 20. Qb1 f5 21. Ng3 Nc3
22. Qb2 Nxe2+ 23. Nxe2 f6 24. Ng3 a5 25. Nh4 axb4 26. axb4 Rc4 27. Nhxf5 Bxb4
28. Rb1 Rb8 29. Qe2 Bf8 30. Qf3 Qc6 31. e4 Rc3 32. Ne3 Bf7 33. Ne2 Rd3 34. Rfc1
Qe6 35. Nc3 Ba3 36. Qe2 Bxc1 37. Qxd3 Bxe3 38. fxe3 b4 39. Nd5 Qd6 40. Qc4 Rd8
41. Qxb4 Qxb4 42. Nxb4 Bg6 43. Rb2 Bxe4 44. Na2 Kg7 45. Nc3 Bf5 46. Kf2 Rd7 47.
Kf3 h5 48. h3 Kf7 49. Ne2 Bg6 50. Ng3 Kg7 51. Nh1 Rc7 52. Nf2 Rd7 53. Kg3 Rc7
54. Ra2 Bf7 55. Rd2 Bg6 56. Rb2 Rd7 57. Kh4 Rc7 58. g4 hxg4 59. Nxg4 Bf5 60. Nf2
Rc3 61. Re2 Kg6 62. Kg3 Ra3 63. Kf3 Be6 64. Rd2 f5 65. Rd6 Kf7 66. h4 Ke7 67.
Rd2 Bf7 68. Nd1 Bh5+ 69. Kf2 Ra4 70. Nc3 Rxh4 71. Rd5 Kf6 72. Ra5 Rc4 73. Ra3
Kg5 74. Ke1 Bf3 75. Kd2 Rc6 76. Ra5 Rd6+ 77. Kc2 Kf6 78. Ra4 Bc6 79. Rc4 Be8 80.
Rc5 Bf7 81. Nb5 Rb6 82. Kc3 Be8 83. Na3 f4 84. Nc4 Re6 85. Nxe5 1/2-1/2

[Event "Sunway Sitges Open 2019"]
[Site "Sitges ESP"]
[Date "2019.12.19"]
[Round "7.3"]
[White "Puranik, Abhimanyu"]
[Black "Tabatabaei, M.amin"]
[Result "1-0"]
[WhiteTitle "GM"]
[BlackTitle "GM"]
[WhiteElo "2580"]
[BlackElo "2635"]
[WhiteFideId "5061245"]
[BlackFideId "12521213"]
[EventDate "2019.12.13"]

1. e4 e5 2. Nf3 Nc6 3. Bc4 Bc5 4. c3 Nf6 5. d3 d6 6. O-O a5 7. Re1 O-O 8. h3 h6
9. Nbd2 Be6 10. Bb5 Qb8 11. Bxc6 bxc6 12. d4 exd4 13. cxd4 Ba7 14. Qc2 Qb7 15.
b3 Rfe8 16. Ba3 a4 17. e5 axb3 18. axb3 dxe5 19. dxe5 Nd7 20. Bb2 Bc5 21. Nd4
Rxa1 22. Bxa1 Bxd4 23. Bxd4 Bd5 24. Bc3 c5 25. Re3 Nf8 26. Rg3 Ne6 27. Qf5 Ra8
28. Kh2 Ra2 29. f4 Bxb3 30. Qh5 Ra4 31. f5 Ng5 32. e6 c6 33. Bxg7 Kxg7 34. f6+
Kh7 35. Rxg5 Qc7+ 36. g3 1-0

[Event "Sunway Sitges Open 2019"]
[Site "Sitges ESP"]
[Date "2019.12.19"]
[Round "7.4"]
[White "Narayanan, S.L."]
[Black "Wagner, Dennis"]
[Result "1/2-1/2"]
[WhiteTitle "GM"]
[BlackTitle "GM"]
[WhiteElo "2626"]
[BlackElo "2578"]
[WhiteFideId "5058422"]
[BlackFideId "24650684"]
[EventDate "2019.12.13"]

1. e4 e5 2. Nf3 Nc6 3. Bb5 a6 4. Ba4 Nf6 5. O-O Be7 6. d3 b5 7. Bb3 d6 8. a3 O-O
9. Nc3 Na5 10. Ba2 Be6 11. b4 Bxa2 12. Nxa2 Nc6 13. c4 Nd4 14. Nc3 c6 15. Be3
Nxf3+ 16. Qxf3 Qd7 17. a4 Rfd8 18. Bg5 bxc4 19. dxc4 h6 20. Bxf6 Bxf6 21. Rfd1
Qb7 22. Rab1 Be7 23. g3 Rdc8 24. h4 Rab8 25. a5 Qd7 26. Na4 Qe6 27. Nb6 Rc7 28.
Rd2 Rf8 29. b5 axb5 30. cxb5 cxb5 31. Rxb5 Ra7 32. Rc2 Rb8 33. Qd3 Bd8 34. Rc6
Bc7 35. Kg2 Kh7 36. Qc2 Bd8 37. Rd5 Be7 38. Rc7 Rxc7 39. Qxc7 Qg6 40. Qxe7 Qxe4+
41. Kh2 Rxb6 42. axb6 Qxd5 43. b7 Qf3 44. Kg1 Qd1+ 45. Kg2 Qd5+ 46. f3 Qc4 47.
b8=Q Qe2+ 48. Kh3 Qf1+ 49. Kh2 Qf2+ 50. Kh3 Qf1+ 1/2-1/2

[Event "Sunway Sitges Open 2019"]
[Site "Sitges ESP"]
[Date "2019.12.19"]
[Round "7.5"]
[White "Durarbayli, Vasif"]
[Black "Li, Di"]
[Result "1-0"]
[WhiteTitle "GM"]
[BlackTitle "GM"]
[WhiteElo "2609"]
[BlackElo "2543"]
[WhiteFideId "13402935"]
[BlackFideId "8607508"]
[EventDate "2019.12.13"]

1. e4 e5 2. Nf3 Nf6 3. Nxe5 d6 4. Nf3 Nxe4 5. d4 d5 6. Bd3 Be7 7. O-O Nc6 8. Re1
Bg4 9. c4 Nf6 10. Nc3 Nxd4 11. cxd5 Bxf3 12. gxf3 c5 13. d6 Qxd6 14. Nb5 Nxb5
15. Bxb5+ Kf8 16. Qxd6 Bxd6 17. Be3 h5 18. Rad1 Be7 19. h4 a6 20. Bf1 Re8 21. a4
b5 22. axb5 axb5 23. Bxb5 Rb8 24. Bc4 Rh7 25. b3 g6 26. Bg5 Ng8 27. Rd7 Re8 28.
Re4 Bxg5 29. hxg5 Ne7 30. Rc7 h4 31. Rxc5 Rd8 32. Kh2 Rd2 33. Rc7 Rxf2+ 34. Kg1
h3 35. Rexe7 Rxf3 36. Rxf7+ 1-0

[Event "Sunway Sitges Open 2019"]
[Site "Sitges ESP"]
[Date "2019.12.19"]
[Round "7.8"]
[White "Harutyunian, Tigran K."]
[Black "Sasikiran, Krishnan"]
[Result "1/2-1/2"]
[WhiteTitle "GM"]
[BlackTitle "GM"]
[WhiteElo "2540"]
[BlackElo "2656"]
[WhiteFideId "13303635"]
[BlackFideId "5004985"]
[EventDate "2019.12.13"]

1. c4 e5 2. Nc3 Nc6 3. Nf3 f5 4. g3 Nf6 5. d4 e4 6. Nh4 d5 7. Bg5 Bb4 8. e3 O-O
9. Ng2 Ne7 10. Qb3 Bxc3+ 11. bxc3 h6 12. Bxf6 Rxf6 13. h4 Be6 14. h5 Bf7 15. Nf4
c5 16. dxc5 Rc8 17. Be2 Rxc5 18. O-O Qc7 19. cxd5 Nxd5 20. Nxd5 Rxd5 21. Bc4 Rd3
22. Bxf7+ Qxf7 23. Rfd1 Rfd6 24. Rxd3 Rxd3 25. Rb1 b6 26. Kg2 Kf8 27. Qb4+ Kg8
28. Qb3 Kf8 29. Qb4+ Kg8 1/2-1/2

[Event "Sunway Sitges Open 2019"]
[Site "Sitges ESP"]
[Date "2019.12.19"]
[Round "7.9"]
[White "Sadzikowski, Daniel"]
[Black "Edouard, Romain"]
[Result "1/2-1/2"]
[WhiteTitle "GM"]
[BlackTitle "GM"]
[WhiteElo "2504"]
[BlackElo "2653"]
[WhiteFideId "1132253"]
[BlackFideId "633429"]
[EventDate "2019.12.13"]

1. e4 c5 2. Nf3 d6 3. Bb5+ Nd7 4. a4 Nf6 5. Nc3 g6 6. a5 Bg7 7. O-O O-O 8. Re1
a6 9. Bf1 e5 10. d3 Nb8 11. Nd5 Nxd5 12. exd5 h6 13. Nd2 f5 14. f4 exf4 15. Nc4
Bd4+ 16. Kh1 Qh4 17. Nd2 g5 18. Nf3 Qh5 19. Nxd4 Qxd1 20. Rxd1 cxd4 21. Re1 Nd7
22. Re6 Rf6 23. Ra4 Kf7 24. Re1 Ne5 25. Rxd4 f3 26. g3 b5 27. axb6 Bb7 28. Kg1
Re8 29. h3 Kg6 30. Kf2 Rf7 31. Bd2 h5 32. c3 Rfe7 33. b4 g4 34. h4 Nd7 35. Rxe7
Rxe7 36. Bf4 Nxb6 37. Bxd6 Rd7 38. Bc5 Nxd5 39. c4 Nf6 40. Rxd7 Nxd7 41. Bd6 Kf7
42. Ke3 Bc6 43. d4 Nf6 44. Be5 Ne4 45. d5 Ba4 46. b5 axb5 47. cxb5 Nc5 48. b6
Bb3 49. Kd4 Nb7 50. Bf4 Bd1 51. Kc3 Kf6 52. d6 Ke6 53. Bc4+ Kd7 54. Bb5+ Ke6 55.
Bc4+ Kd7 56. Ba6 f2 57. Kd2 Bf3 58. Ke3 Nc5 59. Bb5+ Bc6 60. Bxc6+ Kxc6 61. Kxf2
Ne6 62. Be3 Kxd6 63. Ke2 Kd7 64. Kd3 Kc6 65. Kc4 f4 66. gxf4 Ng7 67. b7 Kxb7 68.
Kd5 Nf5 69. Bf2 g3 70. Bxg3 Nxg3 71. Ke5 Kc7 72. f5 Kd7 73. Kf4 Ne2+ 74. Ke4 1/2-1/2

[Event "Sunway Sitges Open 2019"]
[Site "Sitges ESP"]
[Date "2019.12.19"]
[Round "7.10"]
[White "Donchenko, Alexander"]
[Black "Moradiabadi, Elshan"]
[Result "1-0"]
[WhiteTitle "GM"]
[BlackTitle "GM"]
[WhiteElo "2644"]
[BlackElo "2539"]
[WhiteFideId "24603295"]
[BlackFideId "12501255"]
[EventDate "2019.12.13"]

1. c4 e5 2. Nc3 Bb4 3. Nd5 Bc5 4. e3 c6 5. d4 cxd5 6. dxc5 Qa5+ 7. Bd2 Qxc5 8.
Qg4 g6 9. Rc1 d6 10. Qh4 Qb6 11. cxd5 Na6 12. Qa4+ Bd7 13. Qa3 Rc8 14. Rxc8+
Bxc8 15. Ne2 Nf6 16. Nc3 O-O 17. Bxa6 bxa6 18. e4 a5 19. Be3 Qb4 20. f3 Ba6 21.
Qxb4 axb4 22. Nd1 Nd7 23. Nf2 f5 24. Bh6 Rc8 25. Kd2 b3 26. axb3 Nc5 27. Be3
Nxb3+ 28. Kd1 Rc4 29. f4 Bb5 30. Re1 Ba4 31. Ke2 fxe4 32. Kf1 a5 33. fxe5 dxe5
34. Ng4 Rc2 35. Kg1 Rxb2 36. Rf1 Bb5 37. d6 Nd4 38. Nh6+ Kg7 39. Rf7+ Kh8 40.
Rf8+ Kg7 41. Rf7+ Kh8 42. h4 1-0

[Event "Sunway Sitges Open 2019"]
[Site "Sitges ESP"]
[Date "2019.12.19"]
[Round "7.11"]
[White "Heimann, Andreas"]
[Black "Harsha, Bharathakoti"]
[Result "1-0"]
[WhiteTitle "GM"]
[BlackTitle "GM"]
[WhiteElo "2617"]
[BlackElo "2523"]
[WhiteFideId "24624632"]
[BlackFideId "5078776"]
[EventDate "2019.12.13"]

1. e4 c5 2. Nf3 Nc6 3. d4 cxd4 4. Nxd4 Nf6 5. Nc3 e5 6. Ndb5 d6 7. Bg5 a6 8. Na3
b5 9. Bxf6 gxf6 10. Nd5 f5 11. g3 fxe4 12. Bg2 Be6 13. Bxe4 Bg7 14. Qh5 Rc8 15.
O-O Ne7 16. Rfd1 Rc5 17. Nxe7 Qxe7 18. c3 d5 19. Bf5 Bxf5 20. Qxf5 Qe6 21. Qg5
O-O 22. Nc2 f5 23. Qe3 Rc6 24. Qd2 Rd6 25. f4 exf4 26. Qxf4 Bh6 27. Qf3 f4 28.
g4 Bg7 29. Kh1 b4 30. Re1 Qf7 31. Nxb4 d4 32. Rad1 a5 33. Nc6 Qxa2 34. Ne7+ Kh8
35. Nf5 Rd7 36. Rd2 a4 37. cxd4 a3 38. Qxa3 Qd5+ 39. Rg2 Rc8 40. Ne7 Rxe7 41.
Qxe7 f3 42. Rf2 Bxd4 43. Rff1 f2+ 44. Re4 Qb5 45. Re2 Rg8 46. Qe4 Rd8 47. Kg2
Qb4 48. Rexf2 1-0

[Event "Sunway Sitges Open 2019"]
[Site "Sitges ESP"]
[Date "2019.12.19"]
[Round "7.15"]
[White "Zadruzny, Nicolaj"]
[Black "Liang, Awonder"]
[Result "0-1"]
[WhiteTitle "FM"]
[BlackTitle "GM"]
[WhiteElo "2308"]
[BlackElo "2593"]
[WhiteFideId "1709550"]
[BlackFideId "2056437"]
[EventDate "2019.12.13"]

1. d4 Nf6 2. Nf3 e6 3. g3 d5 4. Bg2 Be7 5. O-O O-O 6. c4 Nbd7 7. b3 dxc4 8. bxc4
c5 9. e3 Qc7 10. Qb3 b6 11. Bb2 Bb7 12. Nbd2 Ne4 13. d5 Ndf6 14. Nxe4 Nxe4 15.
Qd3 exd5 16. cxd5 f5 17. Nd2 Nd6 18. a4 Rad8 19. Rfd1 Bf6 20. Bxf6 Rxf6 21. Rac1
Nf7 22. Nc4 Ba6 23. Qc3 Bxc4 24. Qxc4 Nd6 25. Qc2 Rf7 26. Rd2 Rc8 27. Bf1 Qe7
28. Bg2 Qf6 29. Re1 Re7 30. e4 Rce8 31. Rde2 f4 32. Bh3 Re5 33. Be6+ Kh8 34. Bf5
Qh6 35. f3 Rf8 36. Bg4 Qg5 37. Kg2 h5 38. Be6 Qf6 39. Qc3 Rxe6 40. e5 Qg6 41.
dxe6 Nf5 42. e7 Re8 43. Re4 fxg3 44. h4 Qe6 45. Qd2 Rxe7 46. Qg5 Rd7 47. Qxh5+
Kg8 48. R1e2 c4 49. Qg5 c3 50. Qc1 Rd3 51. Qc2 Qd5 52. e6 Kf8 53. e7+ Ke8 54.
Rf4 g6 55. Kh3 Rxf3 56. Rxf3 Qxf3 57. Qe4 Qxe4 58. Rxe4 c2 59. Re1 Nd4 60. Rc1
Kxe7 0-1

[Event "Sunway Sitges Open 2019"]
[Site "Sitges ESP"]
[Date "2019.12.19"]
[Round "7.16"]
[White "Peralta, Fernando"]
[Black "Parvanyan, Ashot"]
[Result "1/2-1/2"]
[WhiteTitle "GM"]
[BlackTitle "IM"]
[WhiteElo "2577"]
[BlackElo "2456"]
[WhiteFideId "105309"]
[BlackFideId "13307550"]
[EventDate "2019.12.13"]

1. d4 Nf6 2. c4 g6 3. Nc3 Bg7 4. e4 d6 5. h3 O-O 6. Be3 c5 7. d5 e6 8. Nf3 exd5
9. cxd5 Re8 10. Nd2 Na6 11. Be2 Nc7 12. a4 b6 13. O-O Rb8 14. Bg5 a6 15. f4 b5
16. Bf3 Qd7 17. e5 dxe5 18. Bxf6 Bxf6 19. Nde4 Bg7 20. d6 Ne6 21. Nd5 Qd8 22.
axb5 Rxb5 23. fxe5 Bxe5 24. Be2 Rxb2 25. Ndf6+ Kg7 26. Nxe8+ Qxe8 27. Rb1 Rxb1
28. Qxb1 f5 29. Nd2 Nd4 30. Bc4 Bxd6 31. Re1 Qd8 32. Qb2 Qf6 33. Kh1 Bg3 34. Re8 1/2-1/2

[Event "Sunway Sitges Open 2019"]
[Site "Sitges ESP"]
[Date "2019.12.19"]
[Round "7.18"]
[White "Sekar, B"]
[Black "Shevchenko, Kirill"]
[Result "1/2-1/2"]
[BlackTitle "GM"]
[WhiteElo "2176"]
[BlackElo "2547"]
[WhiteFideId "5043743"]
[BlackFideId "14129574"]
[EventDate "2019.12.13"]

1. e4 c5 2. Nf3 d6 3. d4 cxd4 4. Nxd4 Nf6 5. Nc3 a6 6. Bg5 Nbd7 7. Qe2 Qc7 8.
O-O-O e6 9. f4 b5 10. a3 Bb7 11. g4 Be7 12. Bh4 h6 13. Kb1 Rb8 14. Rg1 Ba8 15.
Bg3 b4 16. axb4 Rxb4 17. Qxa6 Rb8 18. Ndb5 Qc5 19. Nxd6+ Bxd6 20. Qxd6 Qxg1 21.
Bb5 Qb6 22. Bxd7+ Nxd7 23. Qxd7+ Kf8 24. Na4 Qc6 25. Qxc6 Bxc6 26. f5 Re8 27.
Nc5 exf5 28. gxf5 f6 29. e5 fxe5 30. Ne6+ Kf7 31. Bxe5 Rhg8 32. Bc3 g6 33. Rd6
gxf5 34. Nc7 Be4 35. Nxe8 Kxe8 36. Rd2 Ke7 37. Be5 Rg1+ 38. Ka2 Rf1 39. c4 f4
40. b4 f3 41. Bg3 Bf5 42. c5 Bd7 43. Bh4+ Ke8 44. Kb3 Bb5 45. Rd8+ Kf7 46. Rb8
Bd7 47. Rb7 Ke8 48. Rb8+ Kf7 49. Rb7 Ke8 50. Rb8+ 1/2-1/2

[Event "Sunway Sitges Open 2019"]
[Site "Sitges ESP"]
[Date "2019.12.19"]
[Round "7.19"]
[White "Diaz Camallonga, Carles"]
[Black "Maghsoodloo, Parham"]
[Result "0-1"]
[WhiteTitle "IM"]
[BlackTitle "GM"]
[WhiteElo "2468"]
[BlackElo "2690"]
[WhiteFideId "22235256"]
[BlackFideId "12539929"]
[EventDate "2019.12.13"]

1. e4 c5 2. Nf3 Nc6 3. d4 cxd4 4. Nxd4 Nf6 5. Nc3 d6 6. g3 g6 7. Nxc6 bxc6 8.
Bg2 Qc7 9. b3 Bg7 10. Bb2 O-O 11. O-O Nd7 12. Qd2 Nb6 13. Rad1 a5 14. a4 Ba6 15.
Rfe1 Rfd8 16. Kh1 e5 17. f4 exf4 18. Qxf4 Be5 19. Qf3 Nd7 20. Ba3 Nf6 21. Bc1
Kg7 22. Bf4 Qe7 23. Ne2 Re8 24. Nc1 Rad8 25. Bd2 Qc7 26. Nd3 Bxd3 27. Qxd3 h5
28. Bg5 Rb8 29. Rf1 Nd7 30. Qf3 Nc5 31. Be3 Ne6 32. Rf2 Qe7 33. Rdf1 Rb7 34. Bd2
h4 35. Qe3 Rh8 36. g4 f6 37. Qd3 Ra7 38. Be3 c5 39. h3 Rc8 40. Qc4 g5 41. Rd1
Re8 42. Rd5 Qf7 43. Rd1 Nf8 44. Qxf7+ Rxf7 45. Bd2 Ra7 46. Rf3 Ne6 47. Be3 Nd4
48. Bxd4 Bxd4 49. Rfd3 Be5 50. c4 Rb7 51. Rf1 Rb4 52. Kg1 Bd4+ 53. Kh1 Kf7 54.
Bf3 Re5 55. Re1 Rb8 56. Kg2 Re7 57. Bd1 Rbe8 58. Bf3 Ke6 59. Bd1 Kd7 60. Bf3 Kc7
61. Rdd1 Rb8 62. Rd3 d5 63. cxd5 Kd6 64. Kf1 Rb4 65. Bd1 Be5 66. Bc2 Bg3 67.
Ree3 Bf4 68. Re2 Rbxe4 69. Rxe4 Rxe4 70. Rd1 Rb4 71. Ke2 Be5 72. Rb1 Kxd5 73.
Bd3 Kd4 74. Bc4 Rb7 75. Rd1+ Kc3 76. Rd3+ Kb4 77. Kf3 Re7 78. Re3 Rd7 79. Ke4
Rd4+ 80. Kf5 Rf4+ 81. Ke6 Bd4 82. Rd3 Rf2 83. Bd5 Re2+ 84. Kd6 Re1 85. Bc4 Rg1
86. Kd5 Be5 87. Ke4 Rh1 88. Kf5 Re1 89. Rf3 Bd4 90. Kg6 Rb1 91. Kf5 Rb2 92. Ke4
Bc3 93. Re3 Rg2 94. Kf3 Rd2 95. Ke4 Rd4+ 96. Kf5 Rf4+ 97. Ke6 Be5 98. Bd5 Ka3
99. Re2 Bd4 100. Kd6 f5 101. gxf5 Rxf5 102. Re8 Rf6+ 103. Re6 Rf2 104. Re8 Rd2
105. Ra8 g4 106. hxg4 h3 107. Ra7 c4 108. Rh7 c3 109. Be4 h2 110. g5 Bf6+ 111.
Kc5 Bxg5 112. Kb5 Bd8 113. Rh3 Kxb3 0-1

[Event "Sunway Sitges Open 2019"]
[Site "Sitges ESP"]
[Date "2019.12.19"]
[Round "7.20"]
[White "Melkumyan, Hrant"]
[Black "Kjartansson, Gudmundur"]
[Result "1/2-1/2"]
[WhiteTitle "GM"]
[BlackTitle "IM"]
[WhiteElo "2668"]
[BlackElo "2448"]
[WhiteFideId "13302485"]
[BlackFideId "2301318"]
[EventDate "2019.12.13"]

1. e4 e6 2. d4 d5 3. Nc3 Nf6 4. Bg5 dxe4 5. Nxe4 Be7 6. Bxf6 Bxf6 7. Nf3 Bd7 8.
Bd3 Bc6 9. Qe2 Bxe4 10. Bxe4 c6 11. O-O-O Nd7 12. h4 Qa5 13. Rd3 Qb5 14. Qe3 Nb6
15. Rb3 Qa5 16. Kb1 Nd5 17. Bxd5 Qxd5 18. Rxb7 c5 19. Qb3 Qxb3 20. axb3 cxd4 21.
g4 g6 22. g5 Bg7 23. Re1 O-O 24. Ne5 Rfb8 25. Rxb8+ Rxb8 26. Nd3 a5 27. f4 Rc8
28. b4 axb4 29. Nxb4 Kf8 30. Nd3 Ke7 31. b4 h5 32. Kb2 Kd6 33. Ra1 Rc7 34. Ra8
Kd5 35. Rg8 f6 36. gxf6 Bxf6 37. Rxg6 Bxh4 38. Rh6 Be7 39. Rxh5+ Kc4 40. Kc1 Bd6
41. Rh6 Bxb4 42. Rxe6 Ba3+ 43. Kd2 Rh7 44. Ra6 Rh2+ 45. Kd1 Bf8 46. Kc1 Rh5 47.
Ra4+ Kc3 48. Nf2 Bb4 49. Ra8 Kc4 50. Rc8+ Kd5 51. Kb2 Rf5 52. Nd3 Bd6 53. Rd8
Kc6 54. Kb3 Kc7 55. Rg8 Bxf4 56. Kc4 Be3 57. Rg7+ Kd6 58. Rg6+ Kd7 59. Nb4 Rf2
60. Kd5 Rf5+ 61. Ke4 Rc5 62. Rg2 Kd6 63. Nd3 Rc3 64. Ne5 Kc5 65. Nd3+ Kb5 66.
Kd5 Rc8 67. Rg7 Rxc2 68. Rb7+ Ka4 69. Ne5 Ka3 70. Ke4 Rc8 71. Nf3 Ka4 72. Rb1
Ka3 73. Rb7 Ka4 74. Nxd4 Bxd4 75. Kxd4 1/2-1/2

[Event "Sunway Sitges Open 2019"]
[Site "Sitges ESP"]
[Date "2019.12.19"]
[Round "7.21"]
[White "Lagarde, Maxime"]
[Black "Batsiashvili, Nino"]
[Result "1/2-1/2"]
[WhiteTitle "GM"]
[BlackTitle "GM"]
[WhiteElo "2655"]
[BlackElo "2447"]
[WhiteFideId "662399"]
[BlackFideId "13602993"]
[EventDate "2019.12.13"]

1. g3 Nf6 2. Bg2 d5 3. f4 e6 4. Nf3 Be7 5. b3 b5 6. Bb2 Bb7 7. e3 c5 8. O-O O-O
9. Nc3 a6 10. Ne2 Nbd7 11. h3 Ne4 12. d3 Nd6 13. g4 Bf6 14. Be5 Bxe5 15. fxe5
Nc8 16. Nf4 Ne7 17. Qe1 Ng6 18. Qg3 Rc8 19. Nxg6 hxg6 20. Rf2 d4 21. exd4 Bxf3
22. Qxf3 cxd4 23. Qf4 Qb6 24. Re1 Rc5 25. b4 Rc3 26. g5 a5 27. Re4 axb4 28. Rxd4
Qa7 29. Kh1 Nc5 30. Kh2 Ra3 31. Rxb4 Ra4 32. a3 Qc7 33. d4 Rxb4 34. axb4 Nd7 35.
h4 Qc4 36. Bh3 Qxb4 37. d5 Qxf4+ 38. Rxf4 Nxe5 39. dxe6 Re8 40. exf7+ Nxf7 41.
Bf1 Rc8 42. Bd3 Ne5 43. Be4 Rd8 44. Kg3 Rd6 45. Kf2 Rd2+ 46. Ke1 Rd4 47. Ke2 Nc4
48. c3 Rd2+ 49. Ke1 Rd6 50. Bc2 Ne5 51. Ke2 Rc6 52. Bb3+ Kh7 53. Kd2 Rd6+ 54.
Kc2 Nc6 55. Re4 Rd7 56. Re8 Rc7 57. Bg8+ Kh8 58. Bd5+ Kh7 59. Be4 Nd4+ 60. Kb2
Nf5 61. h5 Rc5 62. Rf8 Re5 63. Bc2 Nh4 64. hxg6+ Nxg6 65. Rf5 Kg8 66. Kb3 Re3
67. Rxb5 Ne5 68. Rb8+ Kf7 69. Rb7+ Kf8 70. Rb5 Ke7 71. Kb4 Kd6 72. Rb6+ Nc6+ 73.
Kc4 Kc7 74. Rb5 Re1 75. Rf5 Kb6 76. Kd3 Rg1 77. Kd2 Rg2+ 78. Kc1 Rg3 79. Kb2 Rg2
80. Rd5 Na5 81. Kc1 Nc4 82. Bb3 Na5 83. Ba4 Rg4 84. Bd1 Rg3 85. Kb2 Nc6 86. Ba4
Na5 87. Rb5+ Ka6 88. Rf5 Nc4+ 89. Kb3 Nd2+ 90. Kc2 Ne4 91. Re5 Nxg5 92. Kb3 Kb6
93. Kb4 Nf3 94. Re6+ Kc7 95. c4 Nd4 96. Ra6 Re3 97. c5 Ne6 98. Ra7+ Kb8 99. Ra5
Re4+ 100. Kb5 Nxc5 101. Kxc5 Re5+ 102. Kb6 Rxa5 103. Kxa5 1/2-1/2

[Event "Sunway Sitges Open 2019"]
[Site "Sitges ESP"]
[Date "2019.12.19"]
[Round "7.22"]
[White "Sethuraman, S.P."]
[Black "Raja, Harshit"]
[Result "1/2-1/2"]
[WhiteTitle "GM"]
[BlackTitle "IM"]
[WhiteElo "2638"]
[BlackElo "2447"]
[WhiteFideId "5021596"]
[BlackFideId "5089000"]
[EventDate "2019.12.13"]

1. e4 c5 2. Nf3 d6 3. d4 cxd4 4. Nxd4 Nf6 5. Nc3 a6 6. Be3 e5 7. Nb3 Be6 8. h3
Nc6 9. Qf3 Rc8 10. O-O-O Nb4 11. Kb1 Be7 12. g4 O-O 13. g5 Nd7 14. a3 Rxc3 15.
bxc3 Nc6 16. c4 Na5 17. Bd2 Nxc4 18. Bxc4 Bxc4 19. Bb4 Qb6 20. Qe3 Nc5 21. Bxc5
dxc5 22. Rd7 Re8 23. Rhd1 Be6 24. Rxe7 Rxe7 25. Qxc5 Qxc5 26. Nxc5 h6 27. gxh6
gxh6 28. Rd6 Kg7 29. h4 Kg6 30. Nd3 Kh5 31. Nxe5 Kxh4 32. Kc1 h5 33. Kd2 Rc7 34.
Rd8 Kg5 35. Nd3 Rc8 36. Rd6 Rc6 37. Rxc6 bxc6 38. Ke3 h4 39. f3 f5 40. Nf4 Kf6
41. e5+ Kxe5 42. Ng6+ Kd5 43. Nxh4 Kc4 44. Kf4 Kc3 45. Nxf5 a5 46. Ne3 a4 47.
Ke5 Bf7 48. Kd6 Kb2 49. Kxc6 Kxa3 50. Kb5 Be8+ 51. Kc5 Kb2 52. Kb4 a3 53. Nc4+
Kxc2 1/2-1/2